|
|
|
|
| LEADER |
00000nam0a2200000 4500 |
| 001 |
15401 |
| 005 |
20231101205019.0 |
| 035 |
|
|
|a (RuTPU)RU\TPU\book\15508
|
| 035 |
|
|
|a BOOK00000196
|
| 090 |
|
|
|a 15401
|
| 100 |
|
|
|a 20011209d1953 km y0rusy50 ca
|
| 101 |
0 |
|
|a rus
|
| 102 |
|
|
|a RU
|
| 105 |
|
|
|a y z 000ay
|
| 200 |
1 |
|
|a Античная география
|e книга для чтения
|f сост. М. С. Боднарский
|
| 210 |
|
|
|a Москва
|d 1953
|
| 215 |
|
|
|a 374 с.
|
| 606 |
1 |
|
|a Античная география
|2 stltpush
|3 (RuTPU)RU\TPU\subj\29252
|9 52630
|
| 606 |
1 |
|
|a Античный мир
|x История
|2 stltpush
|3 (RuTPU)RU\TPU\subj\58980
|9 76652
|
| 610 |
1 |
|
|a история
|
| 610 |
1 |
|
|a география
|
| 610 |
1 |
|
|a античность
|
| 610 |
1 |
|
|a древняя Греция
|
| 675 |
|
|
|a 91(09)
|v 3
|
| 686 |
|
|
|a Т3(0)32
|v LBC/SL-A
|2 rubbk
|
| 702 |
|
1 |
|a Боднарский
|b М. С.
|g Митрофан Степанович
|4 220
|
| 801 |
|
0 |
|a RU
|b 63413507
|c 20011209
|g PSBO
|
| 801 |
|
2 |
|a RU
|b 63413507
|c 20221103
|g PSBO
|
| 942 |
|
|
|c BK
|